000
00317 a2200109 4500
001
ART_41958
005
20260410161814.0
008
260409a
245
1
0
_a
La enseñanza del derecho aeronáutico
100
1
_a
Capaldo, Griselda
773
0
_t
Academia
_g
- Año 7, Nº 13 (ene./jun. 2009)
_w
REV4314
999
_c
21758
_d
21758